| 000 | 00700nam a2200217 a 4500 | ||
|---|---|---|---|
| 005 | 20210223120707.0 | ||
| 008 | 991125 1988 mx 000 0 spa u | ||
| 020 | _a9688133388 | ||
| 035 | _aUPN01000005627 | ||
| 049 | _aCG | ||
| 050 | 4 |
_aHD6951 _bC82 no.23 |
|
| 100 | 1 | _aBarrientos Lavín, Margarita Rosa | |
| 245 | 1 | 0 |
_aBibliografía económica del porfiriato : _b1877-1910 / _cMargarita Rosa Barrientos Lavín. |
| 260 |
_aMéxico : _bSTPS, _c1988. |
||
| 300 |
_a338 p. : _bil. |
||
| 440 | 0 |
_aCuadernos obreros ; _v23 |
|
| 650 | 4 |
_aTRABAJO Y TRABAJADORES - _xASPECTOS SOCIALES |
|
| 650 | 4 |
_aECONOMIA - _vBIBLIOGRAFIA - _zMEXICO _911544 |
|
| 651 | 4 |
_aMEXICO - _xHISTORIA - _y1877-1910 |
|
| 905 | _aLibro | ||
| 999 |
_c5627 _d5627 |
||